000 00471nam a2200169 i 4500
001 147845
003 ES-MaACL
005 20230906202303.0
007 t|
008 071008s1969 sp ||||1| spa d
100 1 _aUya, Jaime.
_9112347
245 1 0 _aAuditorium
_b: música comentada, Beethoven /
_cJaime Uya.
250 _a[1ª ed.].
260 _a[Barcelona] :
_bZeus,
_c[1969]
300 _a110 p., 4 h. :
_bil. ;
_c22 cm.
852 _aES-MaACL
_jC-38875
_bR.70697
999 _c147845
_d147845